000
00256nam a2200085Ia 4500
245
0
_a
Am I a lion that eats people?
100
_a
SCHERMBRUCKER, Reviva Landsdowne [Cape Town], 2004
_9
101013
942
_c
BK
008
210818s9999 xx 000 0 und d
999
_c
435749
_d
435748